Monaco True or False? - Statistics

General Stats
  • This quiz has been taken 788 times
  • The average score is 11 of 15
Answer Stats
Question Answer % Correct
Monaco is the smallest country in the world. False
98%
Monaco has its own currency. False
96%
Monaco has a majority of Christians. True
96%
Monaco has a border with Italy. False
87%
Monaco is the richest country (per capita). True
87%
Prince Albert II of Monaco participated at the Winter Olympic Games. True
83%
Monaco has a poverty rate of zero. True
77%
Princess Stéphanie of Monaco sang a succesful song in the 1980's. True
77%
Monaco flag is almost the same than Malaysia one. False
75%
The rule bans all Monegasques from gambling or working at the casino. True
62%
There isn't forest in Monaco. True
62%
Monaco has already won an Olympic medal. False
56%
Monte Carlo casino is the oldest casino in the world. False
56%
The old part of the city is called the Stone. False
48%
Monaco Grand Prix is the Grand Prix with the most editions. False
33%
No matching quizzes found
Score Distribution
Percent of People with Each Score
Percentile by Number Answered
Your Score History
You have not taken this quiz